[Event "Camaguey Confraternidad-B"]
[Site "Camaguey"]
[Date "2017.12.01"]
[Round "7.1"]
[White "Duarte Napoles, Fanny"]
[Black "Guerra, Pablo"]
[Result "1/2-1/2"]
[WhiteElo "2275"]
[BlackElo "2308"]
[PlyCount "32"]
[EventDate "2017.11.28"]
[EventType "tourn"]
[EventRounds "10"]
[EventCountry "CUB"]
[EventCategory "2"]
[SourceTitle "EXT 2023"]
[Source "ChessBase"]
[SourceDate "2022.10.05"]
[SourceVersion "1"]
[SourceVersionDate "2022.10.05"]
[SourceQuality "1"]

1. d4 d5 2. c4 dxc4 3. Nf3 Nf6 4. Nc3 a6 5. a4 c5 6. e3 e6 7. Bxc4 Nc6 8. 0-0 Be7 9. Qe2 cxd4 10. Rd1 e5 11. exd4 exd4 12. Nxd4 Nxd4 13. Qe5 Qd6 14. Qxd6 Bxd6 15. Rxd4 Bc5 16. Rd1 0-0 1/2-1/2

[Event "Lisbon op 5th"]
[Site "Lisbon"]
[Date "1999.11.16"]
[Round "4"]
[White "Guerra, Pablo"]
[Black "Kovacevic, Slobodan"]
[Result "0-1"]
[WhiteElo "2344"]
[BlackElo "2404"]
[PlyCount "70"]
[EventDate "1999.11.06"]
[EventType "swiss"]
[EventRounds "9"]
[EventCountry "POR"]
[SourceTitle "CBM 073 Extra"]
[Source "ChessBase"]
[SourceDate "2000.01.11"]
[SourceVersion "1"]
[SourceVersionDate "2000.01.11"]
[SourceQuality "1"]

1. Nf3 c5 2. c4 Nf6 3. d4 cxd4 4. Nxd4 a6 5. Nc3 e6 6. Nc2 Qc7 7. e4 b6 8. Be3 d6 9. Be2 Bb7 10. f3 Nbd7 11. Rc1 Be7 12. 0-0 0-0 13. Qd2 Rac8 14. Rfd1 Qb8 15. Bf1 Bd8 16. Bf4 Ne5 17. Qxd6 Bc7 18. Bxe5 Bxd6 19. Bxd6 Qa7 20. Bxf8 Kxf8 21. b4 Qb8 22. g3 g5 23. Bd3 Ke7 24. Re1 Nd7 25. Be2 Ne5 26. Ne3 Rd8 27. Red1 Rxd1+ 28. Rxd1 Nd7 29. Kf2 h5 30. Nb1 Qe5 31. a3 Nf6 32. Nd2 Qc3 33. Nb1 Qb2 34. Re1 g4 35. fxg4 hxg4 0-1

[Event "Provincial-ch1"]
[Site "Camaguey"]
[Date "1999.??.??"]
[Round "?"]
[White "Pelaez Contti, Jorge Luis"]
[Black "Guerra, Pablo"]
[Result "0-1"]
[WhiteElo "2249"]
[BlackElo "2325"]
[PlyCount "92"]
[EventDate "1999.01.11"]
[EventType "tourn"]
[EventRounds "12"]
[EventCountry "CUB"]
[SourceTitle "EXT 2005"]
[Source "ChessBase"]
[SourceDate "2004.11.15"]
[SourceVersion "1"]
[SourceVersionDate "2004.11.15"]
[SourceQuality "1"]

1. e4 c5 2. Nf3 d6 3. d4 cxd4 4. Nxd4 Nf6 5. Nc3 Nc6 6. Bg5 e6 7. Qd2 a6 8. 0-0-0 Bd7 9. f3 Rc8 10. Kb1 b5 11. h4 Be7 12. g4 Ne5 13. Bd3 0-0 14. Be3 Nc4 15. Bxc4 Rxc4 16. h5 Qc8 17. g5 Ne8 18. g6 b4 19. Nce2 e5 20. Nb3 Be6 21. Na5 Rc7 22. Rdg1 d5 23. gxh7+ Kh8 24. h6 g6 25. exd5 Bf5 26. Nc6 Bd6 27. Ng3 Nf6 28. Bg5 Nxh7 29. Ne4 Bxe4 30. fxe4 f5 31. Qh2 Qe8 32. Bd2 f4 33. Qf2 Rb7 34. c4 Nf6 35. Qf3 Rg8 36. Rg5 Nh7 37. Rhg1 Nxg5 38. Rxg5 Rf8 39. c5 Bxc5 40. Nxe5 Kh7 41. Bxf4 Rbf7 42. Nxg6 Rg8 43. Re5 Rxf4 44. Rxe8 Rxf3 45. Rxg8 Kxg8 46. e5 Kh7 0-1

[Event "Migoya"]
[Site "Migoya"]
[Date "1998.??.??"]
[Round "?"]
[White "Guerra, Pablo"]
[Black "Pelaez Contti, Jorge Luis"]
[Result "1/2-1/2"]
[WhiteElo "2380"]
[BlackElo "2240"]
[PlyCount "88"]
[EventDate "1998.??.??"]
[EventType "tourn"]
[EventRounds "12"]
[EventCountry "CUB"]
[SourceTitle "EXT 2003"]
[Source "ChessBase"]
[SourceDate "2002.11.25"]
[SourceVersion "1"]
[SourceVersionDate "2002.11.25"]
[SourceQuality "1"]

1. d4 Nf6 2. Nf3 d5 3. c4 c6 4. Nc3 e6 5. e3 Nbd7 6. Qc2 Bd6 7. g4 dxc4 8. g5 Nd5 9. Bxc4 b5 10. Be2 Bb7 11. Ne4 Be7 12. Bd2 Qb6 13. Rc1 Nb4 14. Qb3 a5 15. a3 a4 16. Qxb4 Bxb4 17. Bxb4 0-0-0 18. Nd6+ Kb8 19. Nxf7 c5 20. dxc5 Qc6 21. Nxd8 Rxd8 22. Rg1 e5 23. Rd1 Re8 24. Rd6 Qc7 25. c6 Bxc6 26. Nd2 Nb6 27. e4 Rd8 28. Rxd8+ Qxd8 29. Rg3 Nc8 30. h4 Kb7 31. Rf3 Qe8 32. Rf8 Qe6 33. f3 Ne7 34. h5 h6 35. gxh6 gxh6 36. Nb1 Ng8 37. Nc3 Nf6 38. Nxb5 Bxb5 39. Bxb5 Qh3 40. Be2 Nxh5 41. Bc3 Qh1+ 42. Kd2 Qh2 43. Kd1 Qg1+ 44. Kd2 Qh2 1/2-1/2

[Event "CUB-ch"]
[Site "Holguin"]
[Date "1991.??.??"]
[Round "9"]
[White "Guerra, Pablo"]
[Black "Arencibia Rodriguez, Walter"]
[Result "0-1"]
[WhiteElo "2335"]
[BlackElo "2530"]
[PlyCount "80"]
[EventDate "1991.10.??"]
[EventType "swiss"]
[EventRounds "11"]
[EventCountry "CUB"]
[SourceTitle "EXT 1999"]
[Source "ChessBase"]
[SourceDate "1998.11.16"]
[SourceVersion "1"]
[SourceVersionDate "1998.11.16"]
[SourceQuality "1"]

1. d4 Nf6 2. c4 g6 3. Nc3 d5 4. Nf3 Bg7 5. Bg5 Ne4 6. cxd5 Nxg5 7. Nxg5 e6 8. Qd2 h6 9. Nh3 exd5 10. Nf4 0-0 11. e3 c5 12. dxc5 d4 13. exd4 Qxd4 14. Qxd4 Bxd4 15. Nb5 Bxb2 16. Rb1 Be5 17. Nd3 Re8 18. Be2 Nc6 19. Kd2 Bf5 20. Nd6 Bxd6 21. cxd6 Rad8 22. Rxb7 Rxd6 23. Rc1 Red8 24. Rc3 Ne5 25. Rbb3 Be6 26. Rb5 Nxd3 27. Bxd3 Bc4 28. Rxc4 Rxd3+ 29. Kc1 Rd1+ 30. Kb2 R8d2+ 31. Rc2 Rxc2+ 32. Kxc2 Rf1 33. Ra5 Rxf2+ 34. Kb3 Rxg2 35. Rxa7 Rxh2 36. a4 Rh3+ 37. Kb4 Rh1 38. a5 h5 39. a6 Ra1 40. Kb5 h4 0-1

[Event "CUB-ch"]
[Site "Holguin"]
[Date "1991.??.??"]
[Round "1"]
[White "Vera Gonzalez Quevedo, Reynaldo"]
[Black "Guerra, Pablo"]
[Result "1/2-1/2"]
[WhiteElo "2465"]
[BlackElo "2335"]
[PlyCount "66"]
[EventDate "1991.10.??"]
[EventType "swiss"]
[EventRounds "11"]
[EventCountry "CUB"]
[SourceTitle "EXT 1997"]
[Source "ChessBase"]
[SourceDate "1996.11.15"]
[SourceVersion "1"]
[SourceVersionDate "1996.11.15"]
[SourceQuality "1"]

1. d4 d5 2. c4 c6 3. Nc3 e5 4. e3 exd4 5. exd4 Nf6 6. Nf3 Be7 7. cxd5 Nxd5 8. Bc4 0-0 9. 0-0 Nb6 10. Bb3 Na6 11. Re1 Nc7 12. Bf4 Bf5 13. Qe2 Bf6 14. Ne4 Bxe4 15. Qxe4 Ncd5 16. Be5 Qd7 17. Bc2 g6 18. Bxf6 Nxf6 19. Qh4 Kg7 20. Re5 Nbd5 21. Bb3 Qg4 22. Qxg4 Nxg4 23. Re2 Ngf6 24. Rae1 Rfe8 25. Rxe8 Rxe8 26. Rxe8 Nxe8 27. Bxd5 cxd5 28. Kf1 f6 29. Ke2 Kf7 30. Kd3 Ke6 31. Ng1 Nd6 32. Ne2 Nf5 33. Nc3 Ne7 1/2-1/2

[Event "Seville op"]
[Site "Seville"]
[Date "1989.??.??"]
[Round "?"]
[White "Sorin, Ariel"]
[Black "Guerra, Pablo"]
[Result "1/2-1/2"]
[WhiteElo "2410"]
[BlackElo "2265"]
[PlyCount "65"]
[EventDate "1989.??.??"]
[EventType "swiss"]
[EventRounds "9"]
[EventCountry "ESP"]
[SourceTitle "EXT 1997"]
[Source "ChessBase"]
[SourceDate "1996.11.15"]
[SourceVersion "1"]
[SourceVersionDate "1996.11.15"]
[SourceQuality "1"]

1. d4 Nf6 2. c4 g6 3. Nc3 d5 4. Bg5 Ne4 5. Bh4 Nxc3 6. bxc3 c5 7. e3 Bg7 8. cxd5 Qxd5 9. Nf3 Nc6 10. Be2 cxd4 11. cxd4 0-0 12. 0-0 b6 13. Qb3 Be6 14. Qa3 Rfe8 15. Rfc1 Bd7 16. Ba6 Bf8 17. Qb3 Qxb3 18. axb3 Na5 19. Rc7 Nxb3 20. Ra3 Be6 21. Bb7 Rab8 22. d5 Nc5 23. dxe6 Rxb7 24. Rxb7 Nxb7 25. exf7+ Kxf7 26. Rxa7 Nc5 27. Nd4 Rd8 28. g4 Rd7 29. Ra8 e6 30. Nc6 Bd6 31. Bg3 Bxg3 32. hxg3 Kg7 33. Nd8 1/2-1/2